[Event "23rd Abu Dhabi Masters"]
[Site "Abu Dhabi UAE"]
[Date "2016.08.23"]
[Round "4.17"]
[White "Oparin, Grigoriy"]
[Black "Das, Sayantan"]
[Result "1/2-1/2"]
[WhiteTitle "GM"]
[BlackTitle "IM"]
[WhiteElo "2617"]
[BlackElo "2399"]
[WhiteFideId "24125890"]
[BlackFideId "5034426"]
[EventDate "2016.08.21"]

1. e4 c5 2. Nf3 e6 3. d4 cxd4 4. Nxd4 a6 5. c4 Nf6 6. Nc3 Qc7 7. Be2 b6 8. O-O
Bb7 9. Qd3 Bb4 10. Bg5 Be7 11. f4 d6 12. Rac1 Nbd7 13. b4 Rc8 14. f5 e5 15. Nf3
Qb8 16. Be3 O-O 17. Nd2 Rfd8 18. Nd5 Nxd5 19. cxd5 Rxc1 20. Rxc1 Rc8 21. Rc3 b5
22. Kf2 Rxc3 23. Qxc3 Qc8 24. Qxc8+ Bxc8 25. g4 h6 26. Kg3 Bd8 27. h4 Bb6 28.
Bxb6 Nxb6 29. g5 hxg5 30. hxg5 g6 31. f6 Kf8 32. a3 Ke8 33. Nb1 Kd8 34. Nc3 Bd7
35. Kf2 Kc7 36. Ke3 Be8 37. Kd2 Bd7 38. Ke3 1/2-1/2

[Event "23rd Abu Dhabi Masters"]
[Site "Abu Dhabi UAE"]
[Date "2016.08.23"]
[Round "4.18"]
[White "Banusz, Tamas"]
[Black "Laxman, R.R."]
[Result "0-1"]
[WhiteTitle "GM"]
[BlackTitle "GM"]
[WhiteElo "2616"]
[BlackElo "2374"]
[WhiteFideId "722413"]
[BlackFideId "5005361"]
[EventDate "2016.08.21"]

1. Nf3 Nf6 2. c4 e6 3. g3 b6 4. Bg2 Bb7 5. O-O Be7 6. d4 O-O 7. Re1 Na6 8. Nc3
Ne4 9. Bf4 d5 10. Nd2 Nxc3 11. bxc3 Bd6 12. Bxd6 Qxd6 13. cxd5 exd5 14. e4 c6
15. e5 Qg6 16. Nf3 Rae8 17. Nh4 Qe6 18. f4 f5 19. Bh3 g6 20. Qa4 c5 21. Bf1 c4
22. Ng2 Qc6 23. Qc2 Nc7 24. Ne3 Qd7 25. a4 Bc6 26. Bg2 Kg7 27. Rf1 Ra8 28. Bf3
a6 29. g4 b5 30. axb5 axb5 31. Rxa8 Bxa8 32. gxf5 gxf5 33. Kh1 Kh8 34. Rg1 Ne6
35. Nxf5 Nxf4 36. Nd6 Qh3 37. Bg2 Nxg2 38. Qxg2 Qxg2+ 39. Rxg2 Rf1+ 40. Rg1
Rxg1+ 41. Kxg1 b4 42. Kf2 b3 43. Nb5 Bc6 44. Na3 Be8 45. Ke3 Bg6 46. Kf4 Kg7 0-1

[Event "23rd Abu Dhabi Masters"]
[Site "Abu Dhabi UAE"]
[Date "2016.08.23"]
[Round "4.19"]
[White "Swayams, Mishra"]
[Black "Ter-Sahakyan, Samvel"]
[Result "1/2-1/2"]
[WhiteTitle "IM"]
[BlackTitle "GM"]
[WhiteElo "2468"]
[BlackElo "2613"]
[WhiteFideId "5028183"]
[BlackFideId "13302531"]
[EventDate "2016.08.21"]

1. d4 d5 2. c4 c6 3. Nf3 Nf6 4. e3 Bg4 5. h3 Bh5 6. Nc3 e6 7. Qb3 Qc7 8. Nh4
Nbd7 9. g4 Bg6 10. Bg2 Be7 11. g5 Nh5 12. Nxg6 hxg6 13. h4 Nb6 14. cxd5 exd5 15.
Bd2 O-O 16. Qc2 Rad8 17. Ne2 Bd6 18. b3 Qe7 19. Bf3 Rfe8 20. Kf1 Rf8 21. Kg2 f5
22. Rag1 Rd7 23. Rh3 Qe8 24. Kh1 Re7 25. Nc3 a6 26. Kg2 Nc8 27. Kh1 Re6 28. Qb1
Bb8 29. Bc1 Rf7 30. Ba3 Bd6 31. Bb2 Rf8 32. Qc2 Ne7 33. Bc1 Nc8 34. Bb2 Qf7 35.
Bc1 Qe8 1/2-1/2

[Event "23rd Abu Dhabi Masters"]
[Site "Abu Dhabi UAE"]
[Date "2016.08.23"]
[Round "4.20"]
[White "Zubov, Alexander"]
[Black "Harikrishnan, A. Ra"]
[Result "1-0"]
[WhiteTitle "GM"]
[WhiteElo "2606"]
[BlackElo "2280"]
[WhiteFideId "14109409"]
[BlackFideId "5081483"]
[EventDate "2016.08.21"]

1. d4 Nf6 2. c4 e6 3. Nc3 Bb4 4. Nf3 O-O 5. Bg5 c5 6. e3 Qa5 7. Bxf6 Bxc3+ 8.
bxc3 Qxc3+ 9. Nd2 gxf6 10. Rc1 Qa5 11. d5 f5 12. Qh5 Qd8 13. g4 fxg4 14. h3 g3
15. Rg1 f5 16. Rxg3+ Kh8 17. Nf3 d6 18. Qh6 Rg8 19. Ng5 Qe7 20. dxe6 Rxg5 21.
Qxg5 Qxg5 22. Rxg5 Bxe6 23. Rb1 Nd7 24. Rxb7 Rf8 25. f4 Nf6 26. Rxa7 Rb8 27. Bd3
Ne4 28. Rh5 1-0

[Event "23rd Abu Dhabi Masters"]
[Site "Abu Dhabi UAE"]
[Date "2016.08.23"]
[Round "4.21"]
[White "Georgescu, Tiberiu-Marian"]
[Black "Lalith, Babu M R"]
[Result "0-1"]
[WhiteTitle "GM"]
[BlackTitle "GM"]
[WhiteElo "2463"]
[BlackElo "2575"]
[WhiteFideId "1213300"]
[BlackFideId "5024595"]
[EventDate "2016.08.21"]

1. d4 Nf6 2. c4 e6 3. Nf3 b6 4. g3 Bb7 5. Bg2 Bb4+ 6. Nbd2 O-O 7. O-O d5 8. Ne5
Nbd7 9. cxd5 exd5 10. Qa4 Bd6 11. Nxd7 Nxd7 12. e4 Re8 13. e5 Be7 14. Nf3 c5 15.
Bh3 Nf8 16. Be3 cxd4 17. Nxd4 Bc5 18. b4 Bxd4 19. Bxd4 Ne6 20. Bxe6 fxe6 21.
Rfc1 Re7 22. Rc3 Rc7 23. Rxc7 Qxc7 24. Qa3 Qc4 25. Rd1 Ba6 26. Qb3 Qe2 27. Rc1
Qg4 28. Qe3 Rf8 29. Kg2 Be2 30. f4 Bc4 31. Qf3 Qf5 32. Qe3 Bxa2 33. Ra1 Bb1 34.
Rxa7 Qc2+ 35. Qf2 Qd1 36. Ra3 Be4+ 0-1

[Event "23rd Abu Dhabi Masters"]
[Site "Abu Dhabi UAE"]
[Date "2016.08.23"]
[Round "4.22"]
[White "Sengupta, Deep"]
[Black "Mohota, Nisha"]
[Result "1-0"]
[WhiteTitle "GM"]
[BlackTitle "IM"]
[WhiteElo "2571"]
[BlackElo "2257"]
[WhiteFideId "5008352"]
[BlackFideId "5004330"]
[EventDate "2016.08.21"]

1. e4 e5 2. Nf3 Nc6 3. Bb5 a6 4. Ba4 Nf6 5. O-O Be7 6. Qe2 b5 7. Bb3 O-O 8. c3
d6 9. Rd1 Bg4 10. h3 Bh5 11. d3 Na5 12. Bc2 c5 13. Nbd2 Nd7 14. Nf1 Re8 15. Ng3
Bg6 16. a3 c4 17. d4 Qc7 18. Be3 Bf6 19. dxe5 dxe5 20. h4 h6 21. h5 Bh7 22. Nh2
Nc5 23. Ng4 Bg5 24. Bxg5 hxg5 25. h6 Ne6 26. hxg7 Kxg7 27. Nh5+ Kh8 28. Nhf6
Red8 29. Qf3 Nf4 30. g3 Ne6 31. Qh1 Nf8 32. Qh6 Rd6 33. Kg2 Qc6 34. Rxd6 Qxd6
35. Rh1 1-0

[Event "23rd Abu Dhabi Masters"]
[Site "Abu Dhabi UAE"]
[Date "2016.08.23"]
[Round "4.23"]
[White "Sarkar, Justin"]
[Black "Ziska, Helgi Dam"]
[Result "1/2-1/2"]
[WhiteTitle "IM"]
[BlackTitle "IM"]
[WhiteElo "2434"]
[BlackElo "2546"]
[WhiteFideId "2010011"]
[BlackFideId "7200595"]
[EventDate "2016.08.21"]

1. d4 Nf6 2. c4 g6 3. g3 Bg7 4. Bg2 O-O 5. Nc3 d6 6. Nf3 c6 7. O-O Qa5 8. e4 e5
9. h3 Nbd7 10. Re1 exd4 11. Nxd4 Ne5 12. Bf1 Re8 13. Be3 c5 14. Nb3 Qb4 15. Nd2
Qxb2 16. Nb5 Rd8 17. Rb1 Qxa2 18. Ra1 Qb2 19. Rb1 Qa2 20. Ra1 Qb2 21. Rb1 1/2-1/2

[Event "23rd Abu Dhabi Masters"]
[Site "Abu Dhabi UAE"]
[Date "2016.08.23"]
[Round "4.24"]
[White "Krishna, C R G"]
[Black "Swapnil, S. Dhopade"]
[Result "0-1"]
[WhiteTitle "IM"]
[BlackTitle "GM"]
[WhiteElo "2401"]
[BlackElo "2500"]
[WhiteFideId "5018625"]
[BlackFideId "5019184"]
[EventDate "2016.08.21"]

1. Nf3 Nf6 2. c4 c5 3. g3 Nc6 4. d4 cxd4 5. Nxd4 e5 6. Nb5 Bb4+ 7. N1c3 d6 8. a3
Bxc3+ 9. bxc3 O-O 10. Bg5 Qa5 11. Bg2 Be6 12. O-O Rfd8 13. Nxd6 Rxd6 14. Qxd6
Rd8 15. Qxd8+ Nxd8 16. c5 Qxc5 17. Rfd1 Qc7 18. Rd2 h6 19. Be3 b6 0-1

[Event "23rd Abu Dhabi Masters"]
[Site "Abu Dhabi UAE"]
[Date "2016.08.23"]
[Round "4.25"]
[White "Girish, A. Koushik"]
[Black "Lei, Tingjie"]
[Result "0-1"]
[WhiteTitle "IM"]
[BlackTitle "WGM"]
[WhiteElo "2399"]
[BlackElo "2480"]
[WhiteFideId "5038448"]
[BlackFideId "8605114"]
[EventDate "2016.08.21"]

1. Nf3 Nf6 2. c4 g6 3. Nc3 d5 4. cxd5 Nxd5 5. h4 Bg7 6. h5 Nc6 7. g3 e5 8. Bg2
Nxc3 9. bxc3 e4 10. Ng1 O-O 11. hxg6 hxg6 12. Bxe4 Re8 13. Bg2 Bf5 14. Ba3 Qd3
15. Kf1 Qa6 16. Bc5 Rad8 17. Qc1 Ne5 18. Be3 Nc4 19. Nf3 Nxe3+ 20. fxe3 c5 21.
Kf2 b5 22. a3 Qd6 23. Rh4 a5 24. Qh1 Qe7 25. Re1 Bc2 26. Qh3 Rxd2 27. e4 Rd1 28.
Rxd1 Bxd1 29. e5 Bb3 30. Re4 Bd5 31. Re3 Be6 32. Qh1 Rd8 33. Qb1 b4 34. axb4
axb4 35. Kg1 Bf5 36. Qb3 Bh6 37. cxb4 cxb4 38. Rd3 Bxd3 39. exd3 Be3+ 40. Kh2
Bd4 41. e6 Qxe6 42. Qxb4 Bf6 43. Qe4 Qd6 44. Bf1 Rb8 45. Kg2 Kg7 46. Be2 Rb2 47.
Kf2 Rb4 48. Qe8 Qc5+ 49. Kg2 Rb7 50. Qa4 Re7 51. Bf1 Qc3 52. Qf4 Qb2+ 53. Qd2
Rb7 54. Qf2 Qc3 55. Be2 Rb2 56. Qe3 Rb7 57. Qf2 Qc2 58. Ne1 Qa2 59. Nf3 Rb2 60.
Kf1 Qb1+ 61. Kg2 Qc1 62. Nh2 Qd2 63. Kf1 Rb1+ 64. Kg2 Qc1 65. Bf1 Bc3 66. Nf3
Kg8 67. Kg1 Qd1 68. d4 Rb4 69. Qe2 Bxd4+ 70. Kh1 Qxe2 71. Bxe2 Be3 72. Kg2 Rb2
73. Kf1 Kg7 74. Ne5 Bd4 75. Nd3 Ra2 76. Nb4 Rd2 77. Nd3 Kf6 78. Ne1 Be5 79. Nf3
Rb2 80. g4 Bf4 81. Kf2 Ke6 82. Nd4+ Kd5 83. Nb5 Be5 84. Na3 Ke4 85. Nc4 Bd4+ 86.
Ke1 Ra2 87. Nd6+ Ke3 88. Nc4+ Kf4 89. Nd6 Bc5 90. Nc4 Ke4 91. Nd2+ Ke3 92. Nc4+
Kd4 0-1

[Event "23rd Abu Dhabi Masters"]
[Site "Abu Dhabi UAE"]
[Date "2016.08.23"]
[Round "4.26"]
[White "Hill, Alistair"]
[Black "Puranik, Abhimanyu"]
[Result "0-1"]
[BlackTitle "IM"]
[WhiteElo "2257"]
[BlackElo "2469"]
[WhiteFideId "432407"]
[BlackFideId "5061245"]
[EventDate "2016.08.21"]

1. e4 e6 2. d4 d5 3. Nd2 Nc6 4. Ngf3 Nf6 5. e5 Nd7 6. Be2 f6 7. exf6 Qxf6 8. Nf1
Bd6 9. Ne3 O-O 10. O-O Qg6 11. c4 Nf6 12. c5 Be7 13. Bb5 Bd7 14. b4 Qe8 15. Bxc6
Bxc6 16. a4 a6 17. Ne5 Nd7 18. N3g4 h5 19. Nxd7 Bxd7 20. Ne5 Rf5 21. h3 b6 22.
Qc2 bxc5 23. bxc5 Bf6 24. c6 Bc8 25. a5 Bxe5 26. dxe5 Rb8 27. Ra4 Rxe5 28. Bf4
Rf5 29. Bxc7 Rb5 30. Bb6 e5 31. Ra3 e4 32. c7 h4 33. f3 Qg6 34. fxe4 Rxf1+ 35.
Kxf1 dxe4 36. Re3 Qf6+ 37. Kg1 Qa1+ 38. Kh2 Rb1 0-1

[Event "23rd Abu Dhabi Masters"]
[Site "Abu Dhabi UAE"]
[Date "2016.08.23"]
[Round "4.27"]
[White "Ravi, Teja S."]
[Black "Vaibhav, Suri"]
[Result "1/2-1/2"]
[WhiteTitle "IM"]
[BlackTitle "GM"]
[WhiteElo "2387"]
[BlackElo "2556"]
[WhiteFideId "5017220"]
[BlackFideId "5045185"]
[EventDate "2016.08.21"]

1. d4 Nf6 2. Nf3 d5 3. c4 e6 4. Nc3 Be7 5. Bg5 h6 6. Bh4 O-O 7. e3 b6 8. Bd3 Bb7
9. O-O Nbd7 10. Qe2 c5 11. cxd5 Nxd5 12. Bxe7 Qxe7 13. Ba6 Nxc3 14. bxc3 Bc6 15.
a4 e5 16. Bb5 Bxf3 17. Qxf3 Nf6 18. a5 Rad8 19. axb6 axb6 20. Rfe1 Qd6 21. Rad1
cxd4 22. exd4 exd4 23. Rxd4 Qc5 24. Rxd8 Rxd8 25. Bf1 Rd2 26. Bd3 Qd6 27. Qa8+
Qf8 28. Qxf8+ Kxf8 29. Bb5 Rc2 30. c4 Ne4 31. f3 Nd6 32. Rb1 Nf5 33. c5 Rxc5 34.
Bd3 Nh4 35. Rb4 Rd5 36. Bf1 Nf5 37. Rxb6 Rd2 38. Rb3 h5 39. Rd3 Rb2 40. g3 Ke7
41. Bh3 Nd6 42. Re3+ Kf6 43. Bf1 Nf5 44. Re2 Rb3 45. Kf2 Nd4 46. Re4 Rb2+ 47.
Be2 Ne6 48. h4 Ke7 49. Ke3 Rb3+ 50. Kf2 Rb2 51. Ke3 f5 52. Ra4 Rb3+ 53. Kf2 Rb2
54. Ke3 Rb3+ 55. Kf2 Rb2 56. Ke3 1/2-1/2

[Event "23rd Abu Dhabi Masters"]
[Site "Abu Dhabi UAE"]
[Date "2016.08.23"]
[Round "4.28"]
[White "Troff, Kayden W"]
[Black "Tissir, Mohamed"]
[Result "1/2-1/2"]
[WhiteTitle "GM"]
[BlackTitle "IM"]
[WhiteElo "2522"]
[BlackElo "2380"]
[WhiteFideId "2047896"]
[BlackFideId "9000240"]
[EventDate "2016.08.21"]

1. d4 Nf6 2. c4 g6 3. Nc3 Bg7 4. e4 d6 5. Nf3 O-O 6. Be2 e5 7. O-O Nc6 8. d5 Ne7
9. Nd2 Ne8 10. b4 f5 11. f3 f4 12. a4 g5 13. c5 Ng6 14. Nc4 h5 15. Bd2 Nf6 16.
cxd6 cxd6 17. Nb5 Ne8 18. Be1 Bd7 19. Bf2 Qb8 20. Rc1 Rf7 21. Na5 Bf6 22. Bc4
Nf8 23. Qb3 a6 24. Nc6 bxc6 25. dxc6 Be6 26. c7 Qc8 27. Bxe6 Nxe6 28. Na7 Rxa7
29. Bxa7 N8xc7 30. b5 axb5 31. axb5 Qd7 32. b6 Nb5 33. Kh1 Nc5 34. Qd5 Nxa7 35.
bxa7 Qxa7 36. Qxd6 Nb3 37. Rc8+ Kg7 38. Qe6 1/2-1/2

[Event "23rd Abu Dhabi Masters"]
[Site "Abu Dhabi UAE"]
[Date "2016.08.23"]
[Round "4.29"]
[White "Siva, Mahadevan"]
[Black "Aryan, Chopra"]
[Result "0-1"]
[WhiteTitle "IM"]
[BlackTitle "IM"]
[WhiteElo "2352"]
[BlackElo "2485"]
[WhiteFideId "25043153"]
[BlackFideId "5084423"]
[EventDate "2016.08.21"]

1. d4 d5 2. c4 c6 3. Nf3 Nf6 4. Nc3 e6 5. e3 Nbd7 6. Qc2 Bd6 7. Bd3 O-O 8. O-O
dxc4 9. Bxc4 b5 10. Be2 Bb7 11. e4 e5 12. dxe5 Nxe5 13. Nh4 g6 14. f4 Neg4 15.
g3 Bc5+ 16. Kh1 Bd4 17. e5 c5+ 18. Ng2 Nf2+ 19. Rxf2 Bxf2 20. exf6 Re8 21. Bf1
Qd4 22. Bd2 Rad8 23. Rd1 Bf3 24. Be3 Qxe3 0-1

[Event "23rd Abu Dhabi Masters"]
[Site "Abu Dhabi UAE"]
[Date "2016.08.23"]
[Round "4.30"]
[White "Dimakiling, Oliver"]
[Black "Golubov, Saveliy"]
[Result "0-1"]
[WhiteTitle "IM"]
[BlackTitle "IM"]
[WhiteElo "2382"]
[BlackElo "2481"]
[WhiteFideId "5202248"]
[BlackFideId "24176729"]
[EventDate "2016.08.21"]

1. Nf3 Nf6 2. d4 g6 3. Nbd2 Bg7 4. e4 O-O 5. c3 d6 6. Qc2 c5 7. dxc5 dxc5 8. Bc4
Nc6 9. O-O Qc7 10. h3 Rd8 11. Re1 e6 12. a4 a6 13. Bf1 Rb8 14. Nb3 Nd7 15. Bg5
Re8 16. Be3 Nce5 17. Nxe5 Bxe5 18. a5 Bg7 19. Red1 b5 20. axb6 Rxb6 21. Na5 Rb8
22. Nc4 Bf8 23. Qa4 e5 24. Be2 Re6 25. Bg5 Be7 26. Bxe7 Rxe7 27. Qa5 Nb6 28. Nd6
Be6 29. b4 Bb3 30. bxc5 Bxd1 31. Rxd1 Nd5 32. Qa3 Nf4 33. Bc4 Kg7 34. Bd5 Rd7
35. Nc4 Rb5 36. c6 Rd8 37. Qxa6 Nxd5 38. exd5 Rdxd5 39. Rxd5 Rxd5 40. Qb7 Qxb7
41. cxb7 Rb5 42. Na5 Kf8 43. c4 Rb1+ 44. Kh2 Ke8 45. Kg3 Kd7 46. Kf3 f5 47. g4
Kc7 48. gxf5 gxf5 49. c5 Rb5 50. b8=Q+ Rxb8 51. Nc4 Rb3+ 52. Kg2 Rc3 53. Nxe5
Rxc5 54. f4 Rxe5 55. fxe5 Kd7 56. Kg3 Ke6 57. Kf4 h6 58. h4 h5 59. Kg5 Kxe5 60.
Kxh5 Kf6 61. Kh6 f4 62. Kh7 f3 63. h5 f2 64. h6 f1=Q 0-1

[Event "23rd Abu Dhabi Masters"]
[Site "Abu Dhabi UAE"]
[Date "2016.08.23"]
[Round "4.31"]
[White "Narayanan, Srinath"]
[Black "Iniyan, P"]
[Result "1/2-1/2"]
[WhiteTitle "IM"]
[WhiteElo "2477"]
[BlackElo "2368"]
[WhiteFideId "5018420"]
[BlackFideId "25002767"]
[EventDate "2016.08.21"]

1. e4 c5 2. Nf3 d6 3. Bb5+ Bd7 4. Bxd7+ Qxd7 5. c4 Nc6 6. d4 Qg4 7. O-O Nxd4 8.
Nxd4 Qxd1 9. Rxd1 cxd4 10. Rxd4 g6 11. a4 Bg7 12. Rd1 Rc8 13. Na3 Nf6 14. f3 Nd7
15. Rb1 Nc5 16. b3 a6 17. Be3 O-O 18. Rd5 Rc6 19. Nc2 Rfc8 20. Rdd1 Kf8 21. Nb4
Rb6 22. Nd3 Rbc6 23. Nb4 Rb6 24. Nd3 Rbc6 25. Nxc5 dxc5 26. Rd7 R6c7 27. Rd5 Ke8
28. Rbd1 e6 29. R5d3 Bf6 30. Bf4 Rc6 31. e5 Be7 32. Be3 Rd8 33. Rxd8+ Bxd8 34.
g4 Be7 35. Kf2 Rc7 36. Ke2 Rd7 37. Rc1 Rd8 38. f4 Rb8 39. Kd3 Kd7 40. a5 Rh8 41.
Bd2 h5 42. g5 Kc6 43. Bc3 1/2-1/2

[Event "23rd Abu Dhabi Masters"]
[Site "Abu Dhabi UAE"]
[Date "2016.08.23"]
[Round "4.32"]
[White "Gusain, Himal"]
[Black "Estremera Panos, Sergio"]
[Result "1-0"]
[BlackTitle "IM"]
[WhiteElo "2453"]
[BlackElo "2360"]
[WhiteFideId "5033861"]
[BlackFideId "2200864"]
[EventDate "2016.08.21"]

1. e4 e5 2. Nf3 Nc6 3. Bb5 Nge7 4. c3 d5 5. Nxe5 dxe4 6. Qe2 Qd5 7. Nxc6 Nxc6 8.
f3 Bf5 9. fxe4 Qxe4 10. O-O Qxe2 11. Bxe2 Bg6 12. d4 Bd6 13. b4 O-O 14. Na3 Rfe8
15. Rf2 Re7 16. Nc4 Rae8 17. Nxd6 cxd6 18. Bc4 d5 19. Bxd5 Re1+ 20. Rf1 Bd3 21.
Rxe1 Rxe1+ 22. Kf2 Re2+ 23. Kf3 Rc2 24. Ke3 Rxc3 25. Kd2 Rc2+ 26. Kxd3 Nxb4+ 27.
Ke4 Rxg2 28. Bxb7 Rg4+ 29. Kf3 Rxd4 30. a3 Nd5 31. Ra2 Rd3+ 32. Ke2 Rc3 33. Bd2
Rc5 34. Kd3 1-0

[Event "23rd Abu Dhabi Masters"]
[Site "Abu Dhabi UAE"]
[Date "2016.08.23"]
[Round "4.33"]
[White "Antonio, Viani D'cunha"]
[Black "Thejkumar, M. S."]
[Result "1/2-1/2"]
[BlackTitle "IM"]
[WhiteElo "2346"]
[BlackElo "2445"]
[WhiteFideId "5027330"]
[BlackFideId "5009154"]
[EventDate "2016.08.21"]

1. e4 c6 2. d4 d5 3. exd5 cxd5 4. c4 Nf6 5. Nc3 Nc6 6. Bg5 Ne4 7. Nxe4 dxe4 8.
d5 f6 9. dxc6 fxg5 10. Qxd8+ Kxd8 11. O-O-O+ Kc7 12. cxb7 Bxb7 13. f3 g6 14.
fxe4 g4 15. Bd3 Bh6+ 16. Kc2 Rhf8 17. Re1 Rad8 18. Ne2 Rf2 19. Rhf1 Rxg2 20. Rf7
Rxh2 21. Rg1 Be3 22. Rxg4 Rd7 23. b4 g5 24. Kc3 Rh3 25. Rg3 Bd4+ 26. Kc2 Rxg3
27. Nxg3 Be5 28. Nh5 e6 29. Rf8 g4 30. c5 g3 31. Rg8 Rf7 32. Nxg3 Rf2+ 33. Ne2
Bxe4 34. Bxe4 Rxe2+ 35. Kd3 Rxa2 36. Bxh7 Ra3+ 37. Ke4 Bc3 38. b5 Ra4+ 39. Kd3
Bd4 40. Rg4 Ra3+ 41. Kc4 Bf6 42. Kb4 Rh3 43. Be4 Rh5 44. Rg6 Be7 45. Rg7 Kd8 46.
Rg8+ Kc7 47. Rg7 Kd8 48. Rg8+ 1/2-1/2

[Event "23rd Abu Dhabi Masters"]
[Site "Abu Dhabi UAE"]
[Date "2016.08.23"]
[Round "4.34"]
[White "Ramnath, Bhuvanesh R"]
[Black "Fawzy, Adham"]
[Result "0-1"]
[WhiteTitle "IM"]
[BlackTitle "IM"]
[WhiteElo "2307"]
[BlackElo "2440"]
[WhiteFideId "5026598"]
[BlackFideId "10613129"]
[EventDate "2016.08.21"]

1. e4 c5 2. Nf3 Nc6 3. Nc3 d6 4. d4 cxd4 5. Nxd4 e5 6. Nde2 Nf6 7. g3 Bg4 8. Bg2
Nd4 9. Qd3 Nxe2 10. Nxe2 Be7 11. O-O O-O 12. Bg5 Nd7 13. Bxe7 Qxe7 14. Nc3 Nc5
15. Qe3 Be6 16. Rad1 Rac8 17. Rd2 Rc6 18. Rfd1 Rb6 19. b3 Rc8 20. Bf1 a6 21. Nd5
Bxd5 22. Rxd5 Rbc6 23. c4 Rf8 24. Bh3 b5 25. cxb5 axb5 26. b4 Na4 27. Rc1 Qc7
28. Rxc6 Qxc6 29. Qd3 Qc1+ 30. Bf1 Qe1 31. Rxd6 Nc3 32. Rd8 f6 33. Kg2 Rxd8 34.
Qxd8+ Kf7 35. Bd3 Nd1 36. Qd7+ Kf8 37. Qf5 Ne3+ 38. fxe3 Qd2+ 39. Kh3 Qxd3 40.
Qxh7 Qf1+ 41. Kg4 Qe2+ 42. Kf5 Qxa2 43. Qh8+ Kf7 44. Qh5+ Ke7 45. Qf3 Qxh2 46.
Qg4 Qh7+ 47. Qg6 Qh3+ 48. Qg4 g6+ 0-1

[Event "23rd Abu Dhabi Masters"]
[Site "Abu Dhabi UAE"]
[Date "2016.08.23"]
[Round "4.35"]
[White "Savanovic, Aleksandar"]
[Black "Rajesh, V A V"]
[Result "1/2-1/2"]
[WhiteTitle "IM"]
[BlackTitle "IM"]
[WhiteElo "2440"]
[BlackElo "2346"]
[WhiteFideId "914932"]
[BlackFideId "5029317"]
[EventDate "2016.08.21"]

1. e4 e5 2. Nf3 Nc6 3. Bb5 a6 4. Ba4 Nf6 5. O-O Be7 6. Re1 b5 7. Bb3 d6 8. c3
O-O 9. h3 Nb8 10. d4 Nbd7 11. Nbd2 Bb7 12. Bc2 Re8 13. Nf1 Bf8 14. Ng3 g6 15. a4
Bg7 16. d5 Qe7 17. Nh2 c6 18. axb5 axb5 19. Rxa8 Rxa8 20. dxc6 Bxc6 21. Ng4 Nxg4
22. hxg4 Ra1 23. Qe2 Nc5 24. Be3 Rxe1+ 25. Qxe1 Qe6 26. f3 Qa2 27. Qb1 Qa6 28.
Qd1 Bf8 29. Ne2 Qa2 30. b4 Na4 31. Bb3 Qb2 32. Bc1 Qb1 33. c4 Nb2 34. Bxb2 Qxb2
35. cxb5 Bxb5 36. Ng3 Qc3 37. Qd5 Be8 38. b5 Bh6 39. Nf1 Qc4 1/2-1/2

[Event "23rd Abu Dhabi Masters"]
[Site "Abu Dhabi UAE"]
[Date "2016.08.23"]
[Round "4.36"]
[White "Ameir, Moheb"]
[Black "Srinath, Rao S.V."]
[Result "1-0"]
[WhiteTitle "IM"]
[BlackTitle "FM"]
[WhiteElo "2431"]
[BlackElo "2261"]
[WhiteFideId "10600620"]
[BlackFideId "5028876"]
[EventDate "2016.08.21"]

1. e4 e6 2. d4 d5 3. Nd2 Be7 4. e5 c5 5. c3 Nc6 6. Bd3 Nh6 7. Ne2 cxd4 8. cxd4
Nf5 9. Nf3 a5 10. O-O h5 11. Bd2 g5 12. Bc3 g4 13. Ne1 Bg5 14. Nc2 h4 15. h3
gxh3 16. gxh3 Bd7 17. Kh1 Qb6 18. Rb1 Be7 19. a3 a4 20. Rc1 Na5 21. Bxa5 Qxa5
22. Ne3 Nxe3 23. fxe3 Bc6 24. Nc3 Bg5 25. Qe2 Ke7 26. Rf3 f6 27. exf6+ Bxf6 28.
Rcf1 Raf8 29. Qg2 Rh6 30. e4 dxe4 31. Bxe4 Bxe4 32. Nxe4 Qd5 33. Rf4 b6 34. Kh2
Qa8 35. Qd2 Qb8 36. Kh1 Qb7 37. Qb4+ Ke8 38. R1f3 Qc6 39. Rc3 Qd7 40. Nd6+ Ke7
41. Nf5+ Ke8 42. Nxh6 Be7 43. Qxb6 Qd5+ 44. Kg1 Qg5+ 45. Rg4 Qxh6 46. Qc6+ Kf7
47. Rf3+ 1-0

[Event "23rd Abu Dhabi Masters"]
[Site "Abu Dhabi UAE"]
[Date "2016.08.23"]
[Round "4.37"]
[White "Pranavananda, V"]
[Black "Shyaamnikhil, P"]
[Result "0-1"]
[BlackTitle "IM"]
[WhiteElo "2271"]
[BlackElo "2421"]
[WhiteFideId "5073588"]
[BlackFideId "5024218"]
[EventDate "2016.08.21"]

1. d4 Nf6 2. c4 e6 3. Nc3 Bb4 4. Qc2 d5 5. cxd5 Qxd5 6. Nf3 Qf5 7. Qb3 c5 8.
dxc5 Nc6 9. Be3 e5 10. h3 Be6 11. Qa4 O-O 12. a3 Bxc3+ 13. bxc3 Qe4 14. Qxe4
Nxe4 15. Ng5 Nxg5 16. Bxg5 f6 17. Bc1 Na5 18. Rb1 Nb3 19. c6 bxc6 20. Be3 Rfb8
21. f3 a6 22. Bg1 Na5 23. Rb6 Rxb6 24. Bxb6 Nc4 25. Bc5 Rb8 26. e4 Rb5 27. Ba7
Rb1+ 28. Kf2 Nxa3 29. Rg1 a5 30. Bc5 Rb2+ 31. Kg3 Nb1 32. c4 Nd2 33. Be3 a4 34.
Bd3 a3 35. Ra1 a2 36. Bxd2 Rxd2 37. Bf1 g5 38. h4 h6 39. hxg5 hxg5 40. Rc1 c5
41. Kh2 Kf7 42. Kg1 Ke7 43. Ra1 Kd6 44. Kh2 Kc6 45. Kg3 Kb6 46. Bd3 Rxd3 47.
Rxa2 Bxc4 0-1

[Event "23rd Abu Dhabi Masters"]
[Site "Abu Dhabi UAE"]
[Date "2016.08.23"]
[Round "4.38"]
[White "Mohammad, Nubairshah Shaikh"]
[Black "Deshpande, Aniruddha"]
[Result "1-0"]
[WhiteElo "2415"]
[BlackElo "2219"]
[WhiteFideId "5053196"]
[BlackFideId "5021774"]
[EventDate "2016.08.21"]

1. d4 b6 2. c4 Bb7 3. Nc3 e6 4. a3 g6 5. e4 Bg7 6. Nf3 d6 7. Be2 Nd7 8. O-O Ne7
9. Qc2 O-O 10. Rd1 a6 11. b4 c5 12. dxc5 dxc5 13. Bg5 Qe8 14. Rab1 Ra7 15. Na4
Bc6 16. Rd6 Nf6 17. Bxf6 Bxa4 18. Qc3 Bxf6 19. Qxf6 Bc2 20. Rc1 Nc8 21. Rd2 Bxe4
22. Ng5 Ba8 23. Nxh7 Qe7 24. Qxe7 Nxe7 25. Nxf8 Kxf8 26. Rd8+ Kg7 27. Rb8 Bb7
28. Bf3 Bxf3 29. gxf3 cxb4 30. axb4 a5 31. b5 1-0